000 00816nam a2200217 a 4500
001 001117472
003 AM-YeHGA
005 20250617151852.0
008 151201s1976 ||| r 000 0 rus d
040 _aAM-YeHGA
041 0 _arus
100 1 _aКоломейцева, Маргарита Борисовна
245 1 0 _aСпецглавы основ автоматики :
_bКонспект лекций /
_cМ.Б. Коломейцева; Ред. Б.Н. Мойсюк; Моск. энерг. ин-т.
260 _aМосква :
_bМЭИ,
_c1976.
300 _a103 с. :
_bил.
504 _aБиблиогр.: с. 101
653 0 _aАвтоматика
700 1 _aМойсюк, Б.Н.
_eред.
_4edt
710 2 _aМосковский энергетический институт
090 _c361360
999 _c359533
_d359533